000 00743nam a2200217Ii 4500
003 JO-AjNU
008 230605s9999||||xx |||||||||||||| ||und||
017 _a2004/11/2779
040 _aJO-AjNU
_bara
_erda
_cJO-AjNU
041 _aara
050 1 4 _aNK2110.M83 2005
100 3 _aسعدي محمد، أيمن تأليف,
_eauthor
_911872
245 0 0 _aالمخططات التنفيذية =Executive Plans
250 _aط1
264 3 1 _aعمان:مكتبة المجتمع العربي، 2005
300 _a219ص
336 _atext
_btxt
_2rdacontent
337 _aunmediated
_bn
_2rdamedia
338 _avolume
_bnc
_2rdacarrier
650 4 _aالهندسة المعمارية-التصميم الهندسي-الرسم الهندسي
_911873
999 _aA2548
_c6116
_d6116